<?xml version="1.0" encoding="UTF-8"?>
<marc:record xmlns:marc="http://www.loc.gov/MARC21/slim">
   <marc:leader>00000nam a2200000 a 4500</marc:leader>
   <marc:datafield ind1="1" ind2=" " tag="100">
      <marc:subfield code="a">Cottrell Boyce, Frank</marc:subfield>
      <marc:subfield code="4">aut</marc:subfield>
      <marc:subfield code="e">Verfasser/-in</marc:subfield>
   </marc:datafield>
   <marc:datafield ind1="1" ind2=" " tag="100">
      <marc:subfield code="a">Joe Berger [Ill.]</marc:subfield>
      <marc:subfield code="4">aut</marc:subfield>
      <marc:subfield code="e">Verfasser/-in</marc:subfield>
   </marc:datafield>
   <marc:datafield ind1="1" ind2=" " tag="100">
      <marc:subfield code="a">Berger, Joe</marc:subfield>
   </marc:datafield>
   <marc:datafield ind1="1" ind2=" " tag="100">
      <marc:subfield code="a">Naoura, Salah</marc:subfield>
   </marc:datafield>
   <marc:datafield ind1=" " ind2=" " tag="653">
      <marc:subfield code="a">Auto</marc:subfield>
   </marc:datafield>
   <marc:datafield ind1=" " ind2=" " tag="653">
      <marc:subfield code="a">Fliegen</marc:subfield>
   </marc:datafield>
   <marc:datafield ind1=" " ind2=" " tag="653">
      <marc:subfield code="a">Reise</marc:subfield>
   </marc:datafield>
   <marc:datafield ind1=" " ind2=" " tag="653">
      <marc:subfield code="a">Familienleben</marc:subfield>
   </marc:datafield>
   <marc:datafield ind1="0" ind2="0" tag="245">
      <marc:subfield code="a">Tschitti</marc:subfield>
   </marc:datafield>
   <marc:datafield ind1="0" ind2="0" tag="245">
      <marc:subfield code="b">das Wunderauto fliegt wieder</marc:subfield>
   </marc:datafield>
   <marc:datafield ind1="0" ind2="0" tag="245">
      <marc:subfield code="c">Frank Cottrell Boyce ; Joe Berger</marc:subfield>
   </marc:datafield>
   <marc:datafield ind1=" " ind2="1" tag="264">
      <marc:subfield code="a">Hamburg</marc:subfield>
      <marc:subfield code="b">Carlsen</marc:subfield>
      <marc:subfield code="c">2013</marc:subfield>
   </marc:datafield>
   <marc:datafield ind1="1" ind2=" " tag="520">
      <marc:subfield code="a">Ein kluges Auto geht auf Reisen. (ab 9) (JE) Mum kommt mit einem alten VW-Campingbus, Bj. 1966, nach Hause. Dad und Sohn Jem bringen das klapprige Gefährt auf Vordermann und schon kann die Reise beginnen: Mum will nach Paris, Dad zum Nordpol, Jem interessiert sich für das versunkene El Dorado, Lucy für die Pyramiden und der Jüngste, Kleinharry, ausschließlich für Dinosaurier. Schon bald erkennt die Familie: Tooting, Tschitti Tschitti Bäng Bäng - der Name entsteht auf Grund der Motorengeräusche - macht sich selbständig, funktioniert nur, wenn es will, beginnt ohne Zutun zu fliegen, landet auf dem Eiffelturm, fliegt über das Mittelmeer und Atlasgebirge zu den Pyramiden, taucht durch das Arabische Meer bis nach Madagaskar und bringt sogar die entführten Eltern zu den Kindern zurück. Begegnungen mit freundlichen oder hinterlistigen Menschen regelt das kluge Fahrzeug ebenso und nach und nach sammelt es auch alle abhanden gekommenen Ersatzteile ein, sodass aus dem alten VW-Bus wieder der in der ursprünglichen Bauart stattliche Oldtimer wird. Die einzelnen Kapitel sind kurzweilig, die aufgeschlossene, sprachbegabte Lucy vermittelt ganz nebenbei Wissenswertes aus Geografie, Geschichte und Technik, das von den jungen LeserInnen ab 9 gut verstanden werden kann. Erwachsene sollten bei der Aussprache der französischen und englischen Namen behilflich sein. Vielen (Schul-)Bibliotheken empfohlen.</marc:subfield>
   </marc:datafield>
   <marc:datafield ind1=" " ind2=" " tag="020">
      <marc:subfield code="a">9783551556462</marc:subfield>
      <marc:subfield code="9">9783551556462</marc:subfield>
   </marc:datafield>
   <marc:datafield ind1=" " ind2=" " tag="020">
      <marc:subfield code="a">3551556466</marc:subfield>
      <marc:subfield code="9">3551556466</marc:subfield>
   </marc:datafield>
   <marc:datafield ind1=" " ind2=" " tag="500">
      <marc:subfield code="a">aus dem Englischen von Salah Naoura</marc:subfield>
   </marc:datafield>
   <marc:datafield ind1=" " ind2=" " tag="300">
      <marc:subfield code="a">254 S. : Ill.</marc:subfield>
   </marc:datafield>
</marc:record>
